000 00874nam a22002897a 4500
001 9422
003 FISKH
005 20260106123133.0
008 260106b cb ||||| |||| 00| 0 eng d
020 _a9780545013154
040 _aFISKH
_beng
_cFISKH
_dFISKH
050 _aPZ7.F37 I
082 _a813.54
100 _aFarshtey , Greg
245 _aIsand of doom /
_cby Greg Farshtey
260 _aNew York :
_bScholastic ,
_c2006 .
300 _a123 pages :
_billustrations ;
_c19 cm .
490 _aLEGO Bionicle Legends
_v (1)
505 _aP
520 _aThe Toa Nuva must save an island from six powerful figures who might unleash an ancient evil in their pursuit of treasure.
521 8 _a650
_bLexile
521 8 _aP
_bRaz-Plus
650 _aAbandoned
_vFiction
650 _aAdventure
_vFiction
942 _2ddc
_cBK
_n0
999 _c9422
_d9422